书目信息 |
| 题名: |
国色重庆
|
|
| 作者: | 何建明 著 | |
| 分册: | ||
| 出版信息: | 重庆 重庆出版社 2007.06 |
|
| 页数: | 408页 | |
| 开本: | 25cm | |
| 丛书名: | ||
| 单 册: | ||
| 中图分类: | I25 | |
| 科图分类: | ||
| 主题词: | 报告文学--Bao Gao Wen Xue--中国--当代 | |
| 电子资源: | ||
| ISBN: | 978-7-5366-8442-3 | |
| 000 | 00684nam0 2200217 450 | |
| 001 | 012007004974 | |
| 005 | 20100712104840.32 | |
| 010 | @a978-7-5366-8442-3@dCNY38.80 | |
| 100 | @a20100515d2007 em y0chiy0121 ea | |
| 101 | 0 | @achi |
| 102 | @aCN@b500000 | |
| 105 | @aa z 000zy | |
| 200 | 1 | @a国色重庆@AGuo Se Chong Qing@f何建明著 |
| 210 | @a重庆@c重庆出版社@d2007.06 | |
| 215 | @a408页@c图@d25cm | |
| 330 | @a本书从不同角度描述了一个有内涵、有文化、有历史、有传说、有气度、有性格的重庆。详细介绍了重庆的政治文化与发展。 | |
| 606 | 0 | @a报告文学@ABao Gao Wen Xue@y中国@z当代 |
| 690 | @aI25@v4 | |
| 701 | 0 | @a何建明@AHe Jian Ming@4著 |
| 801 | 0 | @c20100515 |
| 905 | @dI25@eH184-2@f3 | |
| 国色重庆/何建明著.-重庆:重庆出版社,2007.06 |
| 408页:图;25cm |
| ISBN 978-7-5366-8442-3:CNY38.80 |
| 本书从不同角度描述了一个有内涵、有文化、有历史、有传说、有气度、有性格的重庆。详细介绍了重庆的政治文化与发展。 |
| ● |
| 相关链接 |
|
|
|
正题名:国色重庆
索取号:I25/H184-2
 
预约/预借
| 序号 | 登录号 | 条形码 | 馆藏地/架位号 | 状态 | 备注 |
| 1 | 990672 | 209906725 | 社科二线422/422社科库 29排3列2层/ [索取号:I25/H184-2] | 在馆 | |
| 2 | 990673 | 209906734 | 文学库108/108文学库 65排5列2层/ [索取号:I25/H184-2] | 在馆 | |
| 3 | 990674 | 209906743 | 文学库108/108文学库 65排5列2层/ [索取号:I25/H184-2] | 在馆 |